Ngoại thương Việt Nam thời Lê -Trịnh qua nguồn sử liệu phương Tây /
Na minha lista:
| Autor principal: | |
|---|---|
| Outros Autores: | |
| Formato: | Atigo |
| Idioma: | Vietnamese |
| Tags: |
Adicionar Tag
Sem tags, seja o primeiro a adicionar uma tag!
|
| Thư viện lưu trữ: | Thư viện Trường Đại học Đà Lạt |
|---|
| LEADER | 00724nam a2200229 4500 | ||
|---|---|---|---|
| 001 | DLU140161373 | ||
| 005 | ##20140411 | ||
| 040 | # | # | |a DLU |b vie |
| 041 | # | # | |a vie |
| 044 | # | # | |a vn |
| 100 | # | # | |a Nguyễn Văn Kim. |
| 245 | # | # | |a Ngoại thương Việt Nam thời Lê -Trịnh qua nguồn sử liệu phương Tây / |c Nguyễn Văn Kim, Nguyễn Mạnh Dũng. |
| 700 | # | # | |a Nguyễn Mạnh Dũng. |
| 773 | # | # | |t Văn hóa nghệ thuật |g Số 353, 2013, tr. 14-20 |
| 920 | # | # | |a Phòng Tạp chí -- Trung tâm Thông tin - Thư viện Trường Đại học Đà Lạt |
| 900 | # | # | |a True |
| 911 | # | # | |a Hoàng Thị Huyền |
| 925 | # | # | |a G |
| 926 | # | # | |a A |
| 927 | # | # | |a BB |
| 980 | # | # | |a Thư viện Trường Đại học Đà Lạt |